| 000 | 00667nam a22001937a 4500 | ||
|---|---|---|---|
| 003 | 0 | ||
| 005 | 20230817095844.0 | ||
| 008 | 230817b xxu||||| |||| 00| 0 eng d | ||
| 020 | _a978-621-448-164-4 | ||
| 050 |
_aJF 2111 _b.T44 2022 |
||
| 100 | _aTeehankee, Julio C., editor | ||
| 245 |
_aPatronage democracy in the Philippines : clans, clients, and competition in local elections _cedited by Julio C. Teehankee |
||
| 260 |
_aQuezon City _bAteneo de Manila University Press _cc2022. |
||
| 300 |
_axviii, 345 pages : _bill. ; _c23 cm. |
||
| 500 | _aDemocracy--Philiipines. | ||
| 504 | _aIncludes index. | ||
| 650 | _aDemocracy--Philiipines. | ||
| 942 |
_2lcc _cBK |
||
| 999 |
_c365157 _d365157 |
||